Star Wars Leia, Princess of Alderaan, Vol 2 (manga) /

A long time ago in a galaxy far, far away....On planet Crate, Leia met her father, Bail Organa, who was meeting with a mysterious armed group. After Leia learned the truth of her father's investigation mission, she decides to fight against the Empire herself. What awaits Leia in the next target...

Full description

Bibliographic Details
Corporate Author: Library Pass, LLC
Other Authors: Gray, Claudia (writer.)
Format: eBook
Language:English
Published: [United States] : Yen Press, 2022.
Subjects:
Online Access:Connect to this electronic book (First time users create your free account)

MARC

Tag First Indicator Second Indicator Subfields
LEADER 00000nmm a22000001a 4500
001 in00004608821
006 m|||||o||m||||||||
007 cr|cn |||uuuuu
008 221118s2022 xxu||||do|||| ||||||eng d
005 20221207213143.3
035 |a (TxWaIVM)IV89989YeSt 
040 |a TxWaIVM  |c TxWaIVM 
245 0 0 |a Star Wars Leia, Princess of Alderaan, Vol 2 (manga) /  |c powered by Library Pass. 
260 3 |a [United States] :  |b Yen Press,  |c 2022. 
300 |a 1 online resource. 
336 |a text  |b txt  |2 rdacontent 
337 |a computer  |b c  |2 rdamedia 
338 |a online resource  |b cr  |2 rdacarrier 
520 |a A long time ago in a galaxy far, far away....On planet Crate, Leia met her father, Bail Organa, who was meeting with a mysterious armed group. After Leia learned the truth of her father's investigation mission, she decides to fight against the Empire herself. What awaits Leia in the next target, Naboo system? 
521 |a 2 
538 |a Requires a valid library card and registration for new users. 
538 |a Mode of access: World Wide Web. 
538 |a System requirements: Flash 10.1 or higher, Windows XP and higher, Internet Explorer 7 and higher, Firefox 3.6 and higher, Google Chrome; Max OS 10.5 and higher, Safari 4 and higher. 
650 0 |a Comic books, strips, etc. --Women 
655 7 |a Electronic books.  |2 local 
655 7 |a Comic books, strips, etc. --Women  |2 gsafd 
650 0 |a Comic books, strips, etc. 
655 7 |a Comic books, strips, etc.  |2 gsafd 
650 0 |a Movie & TV 
655 7 |a Movie & TV  |2 gsafd 
650 0 |a Comic books, strips, etc. --Mythology 
655 7 |a Comic books, strips, etc. --Mythology  |2 gsafd 
650 0 |a Comic books, strips, etc. --Political aspects 
655 7 |a Comic books, strips, etc. --Political aspects  |2 gsafd 
650 0 |a Science fiction comic books, strips, etc. 
655 7 |a Science fiction comic books, strips, etc.  |2 gsafd 
650 0 |a Shonen 
655 7 |a Shonen  |2 gsafd 
650 0 |a Shoujo 
655 7 |a Shoujo  |2 gsafd 
700 1 |a Gray, Claudia.  |e writer. 
710 2 |a Library Pass, LLC. 
856 4 0 |u http://proxy.library.tamu.edu/login?url=https://tamu.librarypass.com/product/yen.press.star.wars.leia.princess.of.alderaan.vol.2.manga.english.08172022  |z Connect to this electronic book (First time users create your free account)  |t 0 
955 |a Comics Plus. 
999 f f |s cbdfd29c-47a5-4c68-aa62-9d2b8bb30491  |i f0b6e113-8a86-455e-87dc-eb8f204eec75  |t 0 
952 f f |a Texas A&M University  |b College Station  |c Electronic Resources  |d Available Online  |t 0  |h Library of Congress classification 
998 f f |t 0  |l Available Online